ბათუმის შოთა რუსთაველის სახელმწიფო უნივერსიტეტის ბიბლიოთეკა

მასალები საქართველოს შინამეწველობისა და წვრილი ხელოსნობის ისტორიისათვის. (ბიბ.ჩანაწერი № 38332)

000 -LEADER
fixed length control field 00927nam a2200193Ia 4500
001 - CONTROL NUMBER
control field 4342
003 - CONTROL NUMBER IDENTIFIER
control field GE_BSU
008 - FIXED-LENGTH DATA ELEMENTS--GENERAL INFORMATION
fixed length control field 181216s||||||||xx |||||||||||||| ||und||
040 ## - CATALOGING SOURCE
Transcribing agency GE_BSU
080 ## - UNIVERSAL DECIMAL CLASSIFICATION NUMBER
Universal Decimal Classification number 39(479.22)+63(479.22)
245 ## - TITLE STATEMENT
Title მასალები საქართველოს შინამეწველობისა და წვრილი ხელოსნობის ისტორიისათვის.
245 ## - TITLE STATEMENT
Remainder of title ივ. ჯავახიშვილის საერთო რედაქციით 5 ტომად. ტ. IV წ. III
260 ## - PUBLICATION, DISTRIBUTION, ETC.
Place of publication, distribution, etc. თბილისი
260 ## - PUBLICATION, DISTRIBUTION, ETC.
Date of publication, distribution, etc. 1989
300 ## - PHYSICAL DESCRIPTION
Extent 282 გვ. 26 სმ.
653 ## - INDEX TERM--UNCONTROLLED
Uncontrolled term მასალები საქართველოს შინამეწველობისა და წვრილი ხელოსნობის ისტორიისათვის.
942 ## - ADDED ENTRY ELEMENTS (KOHA)
Koha item type წიგნი

არაა ხელმისაწვდომი ეგზემპლარები.